| 000 | 01155nam a2200229Ma 4500 | ||
|---|---|---|---|
| 001 | analogdevicesdat00norw | ||
| 003 | CaSfIA | ||
| 005 | 20210117183908.0 | ||
| 007 | cr|||| | ||
| 008 | 910201s1980 mau 000 0 eng d | ||
| 040 |
_aSZT _cSZT _dCaSfIA |
||
| 035 | _a(OCoLC)86050706 | ||
| 245 | 0 | 0 |
_aAnalog devices : _h[electronic resource] _bdata acquisition components and subsystems. |
| 260 |
_aNorwood, Mass : _bAnalog Devices, _c1980. |
||
| 300 | _a1 v. (various pagings) | ||
| 856 | 4 | 1 |
_uhttp://www.archive.org/details/analogdevicesdat00norw _zFree eBook from the Internet Archive |
| 856 | 4 | 2 |
_uhttp://www.openlibrary.org/books/OL24200131M _zAdditional information and access via Open Library |
| 999 |
_c468387 _d468387 |
||
| 942 | _cEB | ||
| 506 | _fНеобхідна авторизація на https://archive.org/ (створення облікового запису безкоштовно) | ||
| 506 | _fНеобхідна авторизація на https://openlibrary.org/ (створення облікового запису безкоштовно) | ||